[Event "Olympiad Women-32"]
[Site "Yerevan"]
[Date "1996.??.??"]
[Round "8"]
[White "Berg, Susanne"]
[Black "Bandziene, Rasa"]
[Result "0-1"]
[WhiteElo "2100"]
[BlackElo "2175"]
[PlyCount "121"]
[EventDate "1996.09.15"]
[EventType "team-swiss"]
[EventRounds "14"]
[EventCountry "ARM"]
[SourceTitle "EXT 1997"]
[Source "ChessBase"]
[SourceDate "1996.11.15"]
[SourceVersion "1"]
[SourceVersionDate "1996.11.15"]
[SourceQuality "1"]

1. e4 d5 2. exd5 Qxd5 3. Nc3 Qa5 4. d4 Nf6 5. Bd2 Nc6 6. Bb5 Kd8 7. Nge2 a6 8. Bxc6 bxc6 9. 0-0 Bg4 10. f3 Bd7 11. Ne4 Qd5 12. Nf2 e6 13. Qc1 h5 14. c4 Qf5 15. b4 h4 16. Qb1 Qxb1 17. Raxb1 Be7 18. Bg5 Rh5 19. Bf4 Bd6 20. Nd3 a5 21. a3 axb4 22. axb4 Ra2 23. Rfe1 Rf5 24. Be5 h3 25. Bxd6 cxd6 26. Ra1 Rd2 27. Rad1 Rxd1 28. Rxd1 hxg2 29. Kxg2 Rg5+ 30. Ng3 Nh5 31. Kf2 Nxg3 32. hxg3 Rh5 33. Kg2 Kc7 34. c5 f6 35. g4 Rh8 36. Ra1 Rd8 37. Kg3 d5 38. Ra7+ Kb8 39. Ra5 Kb7 40. Kg2 Re8 41. Ra1 e5 42. dxe5 fxe5 43. Rh1 e4 44. Nc1 exf3+ 45. Kxf3 Re4 46. g5 Bg4+ 47. Kg3 Bf5 48. Nb3 Rxb4 49. Na5+ Kc7 50. Rh8 Rb5 51. Rf8 g6 52. Rf7+ Bd7 53. Nxc6 Kxc6 54. Rf6+ Kxc5 55. Rxg6 Rb4 56. Kf3 Bg4+ 57. Kf2 Bf5 58. Rf6 Bb1 59. Kg3 Rb6 60. Rf8 Rb3+ 61. Kf4 0-1

[Event "Olympiad Women-32"]
[Site "Yerevan"]
[Date "1996.??.??"]
[Round "3"]
[White "Manakov, Marina"]
[Black "Bandziene, Rasa"]
[Result "1-0"]
[WhiteElo "2310"]
[BlackElo "2175"]
[PlyCount "55"]
[EventDate "1996.09.15"]
[EventType "team-swiss"]
[EventRounds "14"]
[EventCountry "ARM"]
[SourceTitle "EXT 1997"]
[Source "ChessBase"]
[SourceDate "1996.11.15"]
[SourceVersion "1"]
[SourceVersionDate "1996.11.15"]
[SourceQuality "1"]

1. d4 d6 2. Nf3 Bg4 3. e4 Nd7 4. h3 Bh5 5. Nc3 e5 6. Be3 Ngf6 7. g4 Bg6 8. Bd3 c6 9. Qe2 Be7 10. 0-0-0 Qc7 11. Nd2 b5 12. f4 exf4 13. Bxf4 0-0-0 14. d5 b4 15. dxc6 bxc3 16. cxd7+ Nxd7 17. Ba6+ Kb8 18. Nb3 Nc5 19. Nxc5 Qxc5 20. Rd5 cxb2+ 21. Kb1 Qc6 22. Rb5+ Ka8 23. Bb7+ Qxb7 24. Rxb7 Kxb7 25. Qb5+ Kc7 26. e5 d5 27. e6+ Bd6 28. Qc5+ 1-0

[Event "Olympiad Women-32"]
[Site "Yerevan"]
[Date "1996.??.??"]
[Round "2"]
[White "Olarasu, Gabriela"]
[Black "Bandziene, Rasa"]
[Result "1-0"]
[WhiteElo "2295"]
[BlackElo "2175"]
[PlyCount "69"]
[EventDate "1996.09.15"]
[EventType "team-swiss"]
[EventRounds "14"]
[EventCountry "ARM"]
[SourceTitle "EXT 1997"]
[Source "ChessBase"]
[SourceDate "1996.11.15"]
[SourceVersion "1"]
[SourceVersionDate "1996.11.15"]
[SourceQuality "1"]

1. d4 d5 2. c4 Nc6 3. cxd5 Qxd5 4. e3 e5 5. Nc3 Bb4 6. Bd2 Bxc3 7. bxc3 exd4 8. exd4 Nf6 9. Nf3 0-0 10. Be2 Bf5 11. 0-0 Rfe8 12. Re1 Ne4 13. c4 Qd6 14. d5 Nxd2 15. Qxd2 Ne5 16. Nd4 Bd7 17. Rab1 b6 18. f4 Ng6 19. g3 c5 20. Nc2 Bf5 21. Bd3 Nh4 22. Kf2 Qf6 23. Rxe8+ Rxe8 24. Re1 Rxe1 25. Qxe1 h6 26. Bxf5 Nxf5 27. Qe8+ Kh7 28. Qe5 Qg6 29. Qe4 Nd6 30. Qxg6+ Kxg6 31. Ne3 Ne4+ 32. Kf3 Nc3 33. f5+ Kf6 34. d6 h5 35. g4 1-0

[Event "BL 9495 (Women)"]
[Site "Germany"]
[Date "1994.10.01"]
[Round "1.3"]
[White "Janus, Elfi"]
[Black "Bandziene, Rasa"]
[Result "0-1"]
[WhiteElo "2105"]
[BlackElo "2125"]
[PlyCount "148"]
[EventDate "1994.10.01"]
[EventType "team-tourn"]
[EventRounds "11"]
[EventCountry "GER"]
[SourceTitle "EXT 1997"]
[Source "ChessBase"]
[SourceDate "1996.11.15"]
[SourceVersion "1"]
[SourceVersionDate "1996.11.15"]
[SourceQuality "1"]
[WhiteTeam "Elberfeld"]
[BlackTeam "Weimar"]
[WhiteTeamCountry "GER"]
[BlackTeamCountry "GER"]

1. c4 c6 2. g3 d5 3. Bg2 Nf6 4. Nf3 Bf5 5. 0-0 e6 6. Qb3 Qb6 7. d3 Nbd7 8. Be3 Bc5 9. Bxc5 Nxc5 10. Qxb6 axb6 11. Nbd2 h6 12. Rfc1 0-0 13. b4 Ncd7 14. a4 Ra7 15. Ra3 Rfa8 16. Rca1 c5 17. b5 Kf8 18. R1a2 Bh7 19. h3 Ke7 20. Ne1 Rd8 21. a5 bxa5 22. Rxa5 Rxa5 23. Rxa5 Kd6 24. f4 Nb6 25. Nef3 Nfd7 26. e4 dxe4 27. dxe4 Ra8 28. Rxa8 Nxa8 29. Kf2 Nab6 30. Ke3 Nc8 31. Ne1 Kc7 32. g4 e5 33. Nd3 exf4+ 34. Nxf4 Ne7 35. Nd5+ Nxd5+ 36. exd5 Nf6 37. Be4 Nxe4 38. Nxe4 b6 39. Kf4 f6 40. Ke3 f5 41. gxf5 Bxf5 42. h4 Bh3 43. Kf4 Bf1 44. Nd2 Bd3 45. Ke3 Bf5 46. Kf4 Bd3 47. Ke5 g5 48. hxg5 hxg5 49. Ke6 Kd8 50. Kd6 g4 51. Kc6 g3 52. Nf3 Bxc4 53. d6 g2 54. Kxb6 Bd5 55. Ng1 c4 56. Kc5 c3 57. Kxd5 c2 58. b6 Kc8 59. Ne2 c1Q 60. Nxc1 g1Q 61. Nd3 Qxb6 62. Nc5 Qb5 63. Kd4 Qc6 64. d7+ Kd8 65. Kc4 Kc7 66. Kb4 Qb6+ 67. Kc4 Kc6 68. Na4 Qb5+ 69. Kc3 Kxd7 70. Nb2 Kc6 71. Kc2 Kd5 72. Nd1 Qe2+ 73. Kc1 Kc4 74. Nb2+ Kb3 0-1

[Event "BL 9394 (Women)"]
[Site "Germany"]
[Date "1994.01.23"]
[Round "9.3"]
[White "Bandziene, Rasa"]
[Black "Arnhold, Kerstin"]
[Result "1/2-1/2"]
[WhiteElo "2100"]
[BlackElo "2100"]
[PlyCount "96"]
[EventDate "1993.10.02"]
[EventType "team-tourn"]
[EventRounds "11"]
[EventCountry "GER"]
[SourceTitle "EXT 1997"]
[Source "ChessBase"]
[SourceDate "1996.11.15"]
[SourceVersion "1"]
[SourceVersionDate "1996.11.15"]
[SourceQuality "1"]
[WhiteTeam "Weimar"]
[BlackTeam "Rodewisch"]
[WhiteTeamCountry "GER"]
[BlackTeamCountry "GER"]

1. e4 c5 2. Nf3 d6 3. d4 cxd4 4. Nxd4 Nf6 5. Nc3 a6 6. f4 Qc7 7. Be2 e5 8. Nf3 Be7 9. 0-0 0-0 10. Kh1 Nbd7 11. Be3 b5 12. a3 Bb7 13. Nd2 d5 14. exd5 Nxd5 15. Nxd5 Bxd5 16. Nf3 exf4 17. Qxd5 fxe3 18. Qe4 Bf6 19. Bd3 g6 20. Qxe3 Bxb2 21. Rab1 Bg7 22. Rb4 Qc5 23. Qd2 Qc3 24. Qxc3 Bxc3 25. Rf4 Rad8 26. a4 Nc5 27. axb5 Nxd3 28. cxd3 axb5 29. Ng5 Bd2 30. Nxf7 Bxf4 31. Nxd8 Rxd8 32. Rxf4 Rxd3 33. Kg1 Rd5 34. Kf2 Rf5 35. Rxf5 gxf5 36. Ke3 Kf7 37. Kd4 Kf6 38. Kc5 Ke5 39. Kxb5 h5 40. Kc4 Ke4 41. h4 f4 42. Kc5 Ke5 43. Kc4 Ke4 44. Kc5 f3 45. gxf3+ Kxf3 46. Kd4 Kf4 47. Kd3 Kg3 48. Ke3 Kxh4 1/2-1/2

[Event "LTU-ch (Women)"]
[Site "Vilkaviskis"]
[Date "1994.??.??"]
[Round "5"]
[White "Bandziene, Rasa"]
[Black "Ciuksyte, Dagne"]
[Result "1-0"]
[WhiteElo "2100"]
[BlackElo "2095"]
[PlyCount "115"]
[EventDate "1994.??.??"]
[EventType "tourn"]
[EventRounds "13"]
[EventCountry "LTU"]
[SourceTitle "EXT 1997"]
[Source "ChessBase"]
[SourceDate "1996.11.15"]
[SourceVersion "1"]
[SourceVersionDate "1996.11.15"]
[SourceQuality "1"]

1. c4 e5 2. e4 Nc6 3. g3 Bc5 4. Bg2 Nf6 5. d3 d6 6. Ne2 Bg4 7. h3 Bh5 8. Be3 Nd4 9. g4 Nxe2 10. Qxe2 Bg6 11. Nc3 c6 12. a3 a5 13. Na4 Nd7 14. 0-0 h5 15. g5 h4 16. Bf3 Bxe3 17. Qxe3 Bh5 18. Bg2 Qe7 19. Kh2 Nc5 20. Nxc5 dxc5 21. Rg1 0-0-0 22. Bf3 Bg6 23. b4 Rd4 24. bxa5 Rhd8 25. Be2 Qc7 26. a6 b5 27. Rab1 Qa5 28. cxb5 cxb5 29. Rgc1 Qb6 30. Rxc5+ Qxc5 31. Rc1 Qc7 32. a7 Kb7 33. Rxc7+ Kxc7 34. Qc1+ Kb6 35. Qc3 Ra8 36. f4 f6 37. fxe5 fxe5 38. Qb3 Kxa7 39. Qxb5 Rc8 40. Qxe5 Rd7 41. Qa5+ Kb8 42. Qb6+ Rb7 43. Qxg6 Rb2 44. Qh5 Rcc2 45. Qxh4 Rxe2+ 46. Kg3 Re3+ 47. Kf4 Rxd3 48. Qh8+ Ka7 49. Qxg7+ Rb7 50. Qh8 Rf7+ 51. Ke5 Rxa3 52. g6 Ra5+ 53. Ke6 Rb7 54. Qd4+ Ka6 55. g7 Rg5 56. Qa4+ Kb6 57. Qb4+ Ka7 58. Qxb7+ 1-0

[Event "LTU-ch (Women)"]
[Site "Vilkaviskis"]
[Date "1994.??.??"]
[Round "6"]
[White "Bandziene, Rasa"]
[Black "Rudaityte, Ilona"]
[Result "0-1"]
[WhiteElo "2100"]
[BlackElo "2140"]
[PlyCount "92"]
[EventDate "1994.??.??"]
[EventType "tourn"]
[EventRounds "13"]
[EventCountry "LTU"]
[SourceTitle "EXT 1997"]
[Source "ChessBase"]
[SourceDate "1996.11.15"]
[SourceVersion "1"]
[SourceVersionDate "1996.11.15"]
[SourceQuality "1"]

1. c4 c5 2. Nc3 Nc6 3. g3 g6 4. Bg2 Bg7 5. Nf3 e6 6. 0-0 Nge7 7. d3 0-0 8. Be3 Nd4 9. Ne4 Qc7 10. Nxd4 cxd4 11. Bg5 Nf5 12. Qc1 f6 13. Bf4 e5 14. Bd2 d6 15. Bb4 Rd8 16. c5 d5 17. Nd6 Nxd6 18. cxd6 Qf7 19. Qc7 Be6 20. Rac1 Rd7 21. Qa5 Bf8 22. Rc2 Bxd6 23. Bxd6 Rxd6 24. Rfc1 Ra6 25. Qc7 Rxa2 26. Qxf7+ Bxf7 27. Rc7 Rxb2 28. Rd7 Rxe2 29. Bf3 Rd2 30. Rcc7 Be6 31. Rg7+ Kf8 32. Rxh7 Rd8 33. Rxb7 Rxd3 34. Rh8+ Bg8 35. Bxd5 Rxd5 36. Rb8+ Kf7 37. Rhxg8 Rd1+ 38. Kg2 d3 39. Rbe8 d2 40. Rgf8+ Kg7 41. h4 Rd7 42. Rg8+ Kh6 43. Rh8+ Rh7 44. Rxh7+ Kxh7 45. Re7+ Kh6 46. Rxa7 Rc1 0-1

[Event "LTU-ch (Women)"]
[Site "Vilkaviskis"]
[Date "1994.??.??"]
[Round "8"]
[White "Bandziene, Rasa"]
[Black "Stasiunaite, Lina"]
[Result "1/2-1/2"]
[WhiteElo "2100"]
[BlackElo "2160"]
[PlyCount "48"]
[EventDate "1994.??.??"]
[EventType "tourn"]
[EventRounds "13"]
[EventCountry "LTU"]
[SourceTitle "EXT 1997"]
[Source "ChessBase"]
[SourceDate "1996.11.15"]
[SourceVersion "1"]
[SourceVersionDate "1996.11.15"]
[SourceQuality "1"]

1. c4 Nf6 2. Nf3 e6 3. b3 c5 4. Bb2 Nc6 5. g3 Be7 6. Bg2 0-0 7. 0-0 d6 8. d3 Qc7 9. Nbd2 a6 10. Rc1 Bd7 11. Qc2 b5 12. d4 bxc4 13. dxc5 cxb3 14. Nxb3 d5 15. Nbd4 Ne4 16. Nxc6 Bxc6 17. Nd4 Nf6 18. Rfd1 Rac8 19. Qd3 Qa7 20. Nb3 Nd7 21. Qc3 Bf6 22. Qc2 Bxb2 23. Qxb2 Bb5 24. e4 Nxc5 1/2-1/2

[Event "LTU-ch (Women)"]
[Site "Vilkaviskis"]
[Date "1994.??.??"]
[Round "2"]
[White "Domarkaite, Laima"]
[Black "Bandziene, Rasa"]
[Result "1/2-1/2"]
[WhiteElo "2135"]
[BlackElo "2100"]
[PlyCount "74"]
[EventDate "1994.??.??"]
[EventType "tourn"]
[EventRounds "13"]
[EventCountry "LTU"]
[SourceTitle "EXT 1997"]
[Source "ChessBase"]
[SourceDate "1996.11.15"]
[SourceVersion "1"]
[SourceVersionDate "1996.11.15"]
[SourceQuality "1"]

1. e4 c6 2. Nc3 d5 3. d4 dxe4 4. Nxe4 Bf5 5. Ng3 Bg6 6. h4 h6 7. h5 Bh7 8. Nf3 Nd7 9. Bd3 Bxd3 10. Qxd3 Ngf6 11. Bd2 e6 12. Qe2 Qc7 13. 0-0-0 0-0-0 14. Rhe1 c5 15. Kb1 c4 16. Ne5 Nxe5 17. dxe5 Nd5 18. Qf3 Bc5 19. Ne4 Rhf8 20. Qg3 Rg8 21. f4 Be7 22. Qf2 Kb8 23. g4 Rc8 24. c3 Qb6 25. Qxb6 axb6 26. g5 g6 27. gxh6 gxh5 28. Rh1 h4 29. Ng5 Nxf4 30. Bxf4 Bxg5 31. Bxg5 Rxg5 32. Rxh4 Rh8 33. Rxc4 Rxe5 34. Rd7 Rxh6 35. Rcc7 Rh2 36. Rxb7+ Kc8 37. Rbc7+ Kb8 1/2-1/2

[Event "BL 9394 (Women)"]
[Site "Germany"]
[Date "1993.11.27"]
[Round "5.3"]
[White "Zahn, Nicol"]
[Black "Bandziene, Rasa"]
[Result "1/2-1/2"]
[WhiteElo "2070"]
[BlackElo "2100"]
[PlyCount "78"]
[EventDate "1993.10.02"]
[EventType "team-tourn"]
[EventRounds "11"]
[EventCountry "GER"]
[SourceTitle "EXT 1997"]
[Source "ChessBase"]
[SourceDate "1996.11.15"]
[SourceVersion "1"]
[SourceVersionDate "1996.11.15"]
[SourceQuality "1"]
[WhiteTeam "Hofheim"]
[BlackTeam "Weimar"]
[WhiteTeamCountry "GER"]
[BlackTeamCountry "GER"]

1. e4 c6 2. Nc3 d5 3. Nf3 Bg4 4. h3 Bxf3 5. Qxf3 Nf6 6. e5 Nfd7 7. d4 e6 8. Be3 c5 9. Qg3 Nc6 10. Rd1 cxd4 11. Bxd4 Nxd4 12. Rxd4 Qb6 13. Rd1 Bb4 14. Be2 0-0 15. 0-0 Bxc3 16. bxc3 Nc5 17. c4 dxc4 18. Bxc4 Rad8 19. Qe3 Qc7 20. Bb3 b6 21. f4 g6 22. g4 Rxd1 23. Rxd1 Rd8 24. Rd4 Rxd4 25. Qxd4 Qd7 26. Qxd7 Nxd7 27. Kf2 Kf8 28. Ke3 Ke7 29. Kd4 Nc5 30. a4 a5 31. g5 Kd8 32. h4 Kc7 33. Ke3 Kc6 34. Kd4 b5 35. axb5+ Kxb5 36. Bc4+ Kc6 37. Ba2 Kb5 38. Bc4+ Kc6 39. Ba2 Kb5 1/2-1/2

[Event "BL 9293 (Women)"]
[Site "Germany"]
[Date "1993.02.13"]
[Round "10.3"]
[White "Brendel, Bergit"]
[Black "Bandziene, Rasa"]
[Result "1/2-1/2"]
[WhiteElo "2075"]
[BlackElo "2100"]
[PlyCount "43"]
[EventDate "1992.10.03"]
[EventType "team-tourn"]
[EventRounds "11"]
[EventCountry "GER"]
[SourceTitle "EXT 1997"]
[Source "ChessBase"]
[SourceDate "1996.11.15"]
[SourceVersion "1"]
[SourceVersionDate "1996.11.15"]
[SourceQuality "1"]
[WhiteTeam "Krefeld Turm"]
[BlackTeam "Weimar"]
[WhiteTeamCountry "GER"]
[BlackTeamCountry "GER"]

1. e4 c5 2. Nf3 e6 3. d4 cxd4 4. Nxd4 Qb6 5. Nb3 Qc7 6. Bd3 Nf6 7. 0-0 d5 8. Nc3 dxe4 9. Nxe4 Nxe4 10. Bxe4 Nd7 11. g3 Nf6 12. Bg2 Be7 13. Qe2 0-0 14. Bf4 Bd6 15. Bxd6 Qxd6 16. c4 Qc7 17. Nd4 Bd7 18. Rac1 Rac8 19. Rc3 Rfd8 20. Rd1 a6 21. f4 Ba4 22. b3 1/2-1/2

[Event "BL 9293 (Women)"]
[Site "Germany"]
[Date "1992.12.20"]
[Round "7.3"]
[White "Skibbe, Diana"]
[Black "Bandziene, Rasa"]
[Result "0-1"]
[WhiteElo "2035"]
[BlackElo "2100"]
[PlyCount "78"]
[EventDate "1992.10.03"]
[EventType "team-tourn"]
[EventRounds "11"]
[EventCountry "GER"]
[SourceTitle "EXT 1997"]
[Source "ChessBase"]
[SourceDate "1996.11.15"]
[SourceVersion "1"]
[SourceVersionDate "1996.11.15"]
[SourceQuality "1"]
[WhiteTeam "Gera"]
[BlackTeam "Weimar"]
[WhiteTeamCountry "GER"]
[BlackTeamCountry "GER"]

1. e4 d5 2. exd5 Qxd5 3. Nc3 Qa5 4. d4 Nf6 5. Bd2 Bg4 6. Nf3 Nc6 7. Nb5 Qb6 8. c4 Bxf3 9. Qa4 0-0-0 10. gxf3 Nxd4 11. 0-0-0 Nxb5 12. cxb5 e6 13. Bc4 Qxf2 14. Rhf1 Qc5 15. Kb1 Qf5+ 16. Ka1 Bc5 17. Qb3 Rd6 18. Ba5 Rhd8 19. Rc1 b6 20. Bc3 Nd5 21. Bd2 Nf4 22. Bc3 Be3 23. Rb1 Bd4 24. Bb4 Bc5 25. Bc3 g6 26. Rbc1 Nd3 27. Rb1 Bd4 28. Bb4 Nxb4 29. Qxb4 Qc2 30. Rfc1 Qxh2 31. Bb3 Qf4 32. Rc4 Qxf3 33. Rbc1 Bc5 34. Qa4 Qb7 35. Rh4 Rd4 36. Rxd4 Rxd4 37. Bc4 Rd2 38. Qb3 Bd4 39. Rb1 Rxb2 0-1

[Event "EU-chT (Women) 1st"]
[Site "Debrecen"]
[Date "1992.??.??"]
[Round "6"]
[White "Bandziene, Rasa"]
[Black "Agababean, Naira"]
[Result "1/2-1/2"]
[WhiteElo "2085"]
[BlackElo "2125"]
[PlyCount "124"]
[EventDate "1992.11.20"]
[EventType "team-swiss"]
[EventRounds "9"]
[EventCountry "HUN"]
[SourceTitle "EXT 2020"]
[Source "ChessBase"]
[SourceDate "2019.10.17"]
[SourceVersion "1"]
[SourceVersionDate "2019.10.17"]
[SourceQuality "1"]
[WhiteTeam "Lithuania (W)"]
[BlackTeam "Moldova (W)"]
[WhiteTeamCountry "LTU"]
[BlackTeamCountry "MDA"]

1. e4 d6 2. d4 Nf6 3. Nc3 g6 4. f4 Bg7 5. Nf3 0-0 6. Bd3 Nc6 7. 0-0 Nb4 8. Kh1 Nxd3 9. cxd3 Bg4 10. h3 Bxf3 11. Qxf3 c6 12. Be3 Nd7 13. Rfd1 e6 14. Rac1 f5 15. e5 Nb6 16. Qg3 Qe7 17. Bg1 Rfd8 18. Bf2 Rd7 19. Qh4 Qf7 20. Qg5 Bf8 21. Bh4 dxe5 22. dxe5 Be7 23. Qg3 Rad8 24. Bxe7 Qxe7 25. a3 a6 26. Qf3 Qh4 27. Kh2 Nd5 28. g3 Qh6 29. Na4 g5 30. fxg5 Qxg5 31. Nc5 Re7 32. d4 Kh8 33. Nd3 Qh6 34. Rg1 Rg7 35. Nc5 Rdg8 36. Rcd1 Ne3 37. Nxe6 Ng4+ 38. Kg2 Qxe6 39. hxg4 Rxg4 40. Kf2 Rf8 41. d5 Qxe5 42. Qc3 Qxc3 43. bxc3 cxd5 44. Rxd5 Rf7 45. Rgd1 f4 46. gxf4 Rgxf4+ 47. Ke3 Rc4 48. Rd8+ Kg7 49. Rg1+ Kf6 50. Rf1+ Ke7 51. Rxf7+ Kxf7 52. Rd7+ Kg6 53. Kd3 Ra4 54. Rxb7 Rxa3 55. Kd4 h5 56. c4 h4 57. c5 Ra1 58. Rb3 Rd1+ 59. Ke4 Rc1 60. Kd5 Kg5 61. Ra3 Kg4 62. Rxa6 h3 1/2-1/2

[Event "EU-chT (Women) 1st"]
[Site "Debrecen"]
[Date "1992.??.??"]
[Round "3"]
[White "Bandziene, Rasa"]
[Black "Bellin, Jana"]
[Result "1/2-1/2"]
[WhiteElo "2085"]
[BlackElo "2205"]
[PlyCount "41"]
[EventDate "1992.11.20"]
[EventType "team-swiss"]
[EventRounds "9"]
[EventCountry "HUN"]
[SourceTitle "EXT 2020"]
[Source "ChessBase"]
[SourceDate "2019.10.17"]
[SourceVersion "1"]
[SourceVersionDate "2019.10.17"]
[SourceQuality "1"]
[WhiteTeam "Lithuania (W)"]
[BlackTeam "England (W)"]
[WhiteTeamCountry "LTU"]
[BlackTeamCountry "ENG"]

1. e4 c5 2. c3 d5 3. exd5 Qxd5 4. d4 Nf6 5. Nf3 Nc6 6. Be3 cxd4 7. Nxd4 Bd7 8. Na3 a6 9. Nc4 Nxd4 10. Qxd4 Qxd4 11. Bxd4 e6 12. Nb6 Rd8 13. Nxd7 Rxd7 14. a4 Bd6 15. Rd1 Ke7 16. Be2 Rc8 17. 0-0 Bc5 18. Bxf6+ gxf6 19. Rxd7+ Kxd7 20. Rd1+ Ke7 21. Bf3 1/2-1/2

[Event "EU-chT (Women) 1st"]
[Site "Debrecen"]
[Date "1992.??.??"]
[Round "9"]
[White "Botsari, Anna Maria"]
[Black "Bandziene, Rasa"]
[Result "1-0"]
[WhiteElo "2315"]
[BlackElo "2085"]
[PlyCount "77"]
[EventDate "1992.11.20"]
[EventType "team-swiss"]
[EventRounds "9"]
[EventCountry "HUN"]
[SourceTitle "EXT 2020"]
[Source "ChessBase"]
[SourceDate "2019.10.17"]
[SourceVersion "1"]
[SourceVersionDate "2019.10.17"]
[SourceQuality "1"]
[WhiteTeam "Greece (W)"]
[BlackTeam "Lithuania (W)"]
[WhiteTeamCountry "GRE"]
[BlackTeamCountry "LTU"]

1. d4 d6 2. e4 Nf6 3. f3 e5 4. d5 c5 5. Nc3 Bd7 6. Be3 Qb6 7. Rb1 Na6 8. Qd2 Qa5 9. a3 Be7 10. g4 h6 11. Bc4 Rb8 12. Nb5 Qb6 13. a4 Kf8 14. Ne2 Qd8 15. Nxa7 Bxa4 16. Nc3 Be8 17. Ncb5 Ra8 18. Ra1 Qb8 19. 0-0 Rxa7 20. Nxa7 Qxa7 21. b4 Qb8 22. Bxa6 bxa6 23. bxc5 dxc5 24. Rxa6 Qb5 25. Rfa1 Nd7 26. Ra8 Bd6 27. R1a5 Qb1+ 28. Kg2 Ke7 29. R5a7 Qb5 30. c4 Qb6 31. Qa2 Rg8 32. Qa4 Bb8 33. Rxb8 Qxb8 34. Bxc5+ Kf6 35. Qa6+ Kg5 36. Be3+ Kh4 37. Bf2+ Kg5 38. h4+ Kf4 39. Qa3 1-0